000
00287nam a2200109Ia 4500
008
230907s9999||||xx |||||||||||||| ||und||
082
_a
909.83
_b
POW
245
0
_a
Power relations in the twenty-first century :
260
_a
Routledge,
_b
New York :
_c
2018
300
_a
225 p.
942
_c
BK
999
_c
599385
_d
599385